| 000 | 01075nac a22003257a 4500 | ||
|---|---|---|---|
| 001 | BR8205393 | ||
| 003 | BR-BrBNA | ||
| 005 | 20240105115511.0 | ||
| 008 | 230509b bl.|||m| |||| 00| 0 por d | ||
| 040 |
_aBR-BrBNA _bpor _cBiblioteca Nacional de Agricultura |
||
| 072 | _aE70; E10; P05 | ||
| 090 | _aE70 BR8205393 | ||
| 110 | 1 |
_aMinisterio das Relacoes Exteriores, Brasilia, DF (Brasil). Depto. Economico _97088 |
|
| 245 | 1 | _aReservado no. 45, abril de 1982 [comercio exterior, Ministerio das Relacoes Exteriores, Brasil] | |
| 260 | 3 |
_aBrasilia, DF (Brasil): _c1982. |
|
| 300 | _a30 p. | ||
| 490 |
_aResenha Mensal - Ministerio das Relacoes Exteriores. Depto. Economico (Brazil) _vno. 45 _x |
||
| 650 | _aPOLITICA COMERCIAL | ||
| 650 | _aIMPORTACAO | ||
| 650 | _aEXPORTACAO | ||
| 650 | _aMERCADO INTERNACIONAL | ||
| 650 | _aRECURSO ENERGETICO | ||
| 650 | _aRECURSO NATURAL | ||
| 650 | _aMINERAL | ||
| 650 | _aFINANCIAMENTO | ||
| 650 | _aTRANSPORTE | ||
| 650 | _aCOMUNICACAO | ||
| 909 |
_a202312 _bLúcia Elande _c55 _dLúcia Elande |
||
| 942 |
_2AGRIS _n0 _cMS |
||
| 999 |
_c275078 _d275078 |
||